[Event "AUT-ch U16 Girls Online Rapid"]
[Site "Playchess.com INT"]
[Date "2020.12.13"]
[Round "1"]
[White "Mostoegl, Chiara Marika"]
[Black "Stadlinger, Lea"]
[Result "0-1"]
[WhiteElo "1507"]
[BlackElo "1481"]
[PlyCount "134"]
[EventDate "2020.12.13"]
[EventType "tourn (rapid)"]
[EventRounds "7"]
[EventCountry "AUT"]
[SourceTitle "EXT 2022"]
[Source "ChessBase"]
[SourceDate "2021.10.06"]
[SourceVersion "1"]
[SourceVersionDate "2021.10.06"]
[SourceQuality "1"]

1. e4 e5 2. Nf3 Nc6 3. Bc4 Bc5 4. c3 Nf6 5. d3 d6 6. Be3 Bb6 7. 0-0 Be6 8. Bb3 0-0 9. Bxb6 axb6 10. Nbd2 d5 11. Re1 Re8 12. h3 d4 13. Qc2 Bxb3 14. Nxb3 dxc3 15. bxc3 Qd7 16. Rad1 Rad8 17. d4 Qe7 18. d5 Na5 19. Nxa5 bxa5 20. c4 Qc5 21. Qc3 c6 22. Rc1 Rc8 23. Nd2 cxd5 24. exd5 Nxd5 25. Qc2 Nb4 26. Qc3 Qd4 27. Qxd4 exd4 28. Rxe8+ Rxe8 29. a3 Nc6 30. Nb3 Re2 31. Rd1 Rc2 32. Nxd4 Nxd4 33. Rxd4 g6 34. Rd8+ Kg7 35. Rb8 Rxc4 36. Rxb7 Ra4 37. Rb3 Kf6 38. Kf1 Ke5 39. Ke2 Kd4 40. Kd2 Kc4 41. Kc2 f5 42. f3 Kc5 43. g3 Rc4+ 44. Rc3 a4 45. Kb2 h6 46. Kc2 g5 47. Kb2 h5 48. Re3 Rd4 49. Re5+ Rd5 50. Rxd5+ Kxd5 51. Kc3 Kc5 52. Kd3 Kd5 53. Ke3 Ke5 54. f4+ gxf4+ 55. gxf4+ Kd5 56. Kd3 h4 57. Ke3 Kc4 58. Kd2 Kd4 59. Kc2 Ke4 60. Kc3 Kxf4 61. Kb4 Ke3 62. Kxa4 f4 63. Kb3 f3 64. a4 f2 65. a5 f1Q 66. a6 Qxa6 67. Kc2 Qd3+ 0-1

[Event "AUT-chT District U18 Online Rapid"]
[Site "Playchess.com INT"]
[Date "2020.12.12"]
[Round "3"]
[White "Mostoegl, Chiara Marika"]
[Black "Leitgeb, Julian"]
[Result "0-1"]
[WhiteElo "1500"]
[BlackElo "1800"]
[PlyCount "66"]
[EventDate "2020.12.12"]
[EventType "team-swiss (rapid)"]
[EventRounds "9"]
[EventCountry "AUT"]
[SourceTitle "EXT 2022"]
[Source "ChessBase"]
[SourceDate "2021.10.06"]
[SourceVersion "1"]
[SourceVersionDate "2021.10.06"]
[SourceQuality "1"]

1. e4 c5 2. d4 cxd4 3. Nf3 Nc6 4. Nxd4 e6 5. Nc3 Nf6 6. Nxc6 bxc6 7. Bd3 d5 8. Bg5 Be7 9. e5 Nd7 10. Bxe7 Qxe7 11. Qe2 Rb8 12. b3 Qb4 13. Qd2 Nxe5 14. 0-0 Nxd3 15. cxd3 0-0 16. Rac1 Bd7 17. Rfd1 e5 18. Qb2 Qd6 19. Na4 Rb5 20. d4 e4 21. Nc5 Bg4 22. Re1 Qg6 23. Re3 Bf3 24. g3 Qg4 25. Kf1 Qh3+ 26. Ke1 Qxh2 27. Rxf3 exf3 28. Nd3 Re8+ 29. Kd2 Re2+ 30. Kc3 Rxb2 31. Kxb2 Qh6 32. Nf4 Qf6 33. Kc3 c5 0-1

[Event "AUT-ch U16 Girls"]
[Site "Sankt Veit an der Glan"]
[Date "2019.04.14"]
[Round "1"]
[White "Mostoegl, Chiara Marika"]
[Black "Katter, Katharina"]
[Result "1-0"]
[WhiteElo "1458"]
[BlackElo "1792"]
[PlyCount "57"]
[EventDate "2019.04.14"]
[EventType "swiss"]
[EventRounds "7"]
[EventCountry "AUT"]
[SourceTitle "CBM 190 Extra"]
[Source "ChessBase"]
[SourceDate "2019.07.15"]
[SourceVersion "1"]
[SourceVersionDate "2019.07.15"]
[SourceQuality "1"]

1. e4 e6 2. d4 d5 3. exd5 exd5 4. Bd3 Nc6 5. Nf3 Bd6 6. 0-0 Nge7 7. Re1 Bg4 8. c3 Qd7 9. Nbd2 0-0-0 10. b4 Rdg8 11. a4 g5 12. a5 Nb8 13. Qb3 Ng6 14. c4 Nf4 15. Bf1 Bxf3 16. Nxf3 g4 17. Ne5 Bxe5 18. Rxe5 Nh3+ 19. gxh3 gxh3+ 20. Kh1 Rg4 21. Bxh3 Rhg8 22. Bf4 Nc6 23. Rxd5 Qe6 24. Bxg4 Rxg4 25. Qf3 f5 26. b5 Ne7 27. Re5 Qf6 28. Rae1 Ng6 29. Re8+ 1-0

[Event "AUT-ch U14 Girls"]
[Site "St Kanzian"]
[Date "2018.05.20"]
[Round "3.3"]
[White "Hiebner, Carina"]
[Black "Mostoegl, Chiara Marika"]
[Result "1/2-1/2"]
[WhiteElo "1535"]
[BlackElo "1479"]
[PlyCount "130"]
[EventDate "2018.05.19"]
[EventType "swiss"]
[EventRounds "7"]
[EventCountry "AUT"]
[SourceTitle "EXT 2024"]
[Source "ChessBase"]
[SourceDate "2023.10.10"]
[SourceVersion "1"]
[SourceVersionDate "2023.10.10"]
[SourceQuality "1"]

1. d4 e5 2. dxe5 Nc6 3. Nf3 Qe7 4. c3 Nxe5 5. Nxe5 Qxe5 6. e3 Nf6 7. Be2 Bc5 8. Nd2 d5 9. Nf3 Qd6 10. c4 Be6 11. b3 Rd8 12. 0-0 0-0 13. Bb2 Rd7 14. Bxf6 gxf6 15. Qc2 dxc4 16. bxc4 Bb6 17. Rfd1 Qc5 18. Rxd7 Bxd7 19. Bd3 Qh5 20. Be2 Qc5 21. Qc3 Kg7 22. Rd1 Be6 23. h3 c6 24. Bd3 h6 25. Nd4 Bc7 26. Nxe6+ fxe6 27. Bc2 Rd8 28. Rxd8 Bxd8 29. Qd3 Qe7 30. Qh7+ Kf8 31. Qxh6+ Qg7 32. Qxg7+ Kxg7 33. g4 Kh6 34. f4 b5 35. cxb5 cxb5 36. Kg2 a5 37. Kf3 Kg7 38. e4 Bb6 39. f5 e5 40. Ke2 Kf7 41. Kd3 Ke7 42. Kc3 Kd6 43. Kb3 Bd4 44. Bd3 Kc5 45. a4 bxa4+ 46. Kxa4 Kb6 47. h4 Be3 48. g5 fxg5 49. f6 gxh4 50. Bf1 Bg5 51. f7 Be7 52. Bg2 Kc5 53. Kxa5 Kd4 54. Kb6 Ke3 55. Kc6 Kf2 56. Kd7 Ba3 57. Bh3 Kg3 58. Bf5 h3 59. Bxh3 Kxh3 60. Ke6 Kg4 61. Kxe5 Kg5 62. Ke6 Kg6 63. e5 Kg7 64. Kd7 Kxf7 65. e6+ Kf8 1/2-1/2

[Event "AUT-ch U12 Girls"]
[Site "St Veit"]
[Date "2016.05.16"]
[Round "5"]
[White "Dodu, Crina Karina"]
[Black "Mostoegl, Chiara Marika"]
[Result "1-0"]
[WhiteElo "1155"]
[BlackElo "1126"]
[PlyCount "31"]
[EventDate "2016.05.14"]
[EventType "swiss"]
[EventRounds "7"]
[EventCountry "AUT"]
[SourceTitle "CBM 172 Extra"]
[Source "ChessBase"]
[SourceDate "2016.06.21"]
[SourceVersion "1"]
[SourceVersionDate "2016.06.21"]
[SourceQuality "1"]

1. e4 e5 2. Nf3 Nc6 3. Bc4 Bc5 4. Nc3 Nge7 5. d3 h6 6. Be3 Bb6 7. Qd2 d6 8. h3 0-0 9. 0-0-0 Ba5 10. Bxh6 Ng6 11. Bg5 Qe8 12. h4 Nge7 13. h5 Qd8 14. h6 g6 15. h7+ Kh8 16. Bf6# 1-0

[Event "AUT-ch U10 Girls"]
[Site "Velden"]
[Date "2014.06.21"]
[Round "4"]
[White "Katter, Katharina"]
[Black "Mostoegl, Chiara Marika"]
[Result "1-0"]
[WhiteElo "1233"]
[BlackElo "1168"]
[PlyCount "93"]
[EventDate "2014.06.20"]
[EventType "swiss"]
[EventRounds "7"]
[EventCountry "AUT"]
[SourceTitle "EXT 2016"]
[Source "ChessBase"]
[SourceDate "2015.10.08"]
[SourceVersion "1"]
[SourceVersionDate "2015.10.08"]
[SourceQuality "1"]

1. e4 d5 2. exd5 Nf6 3. Bb5+ c6 4. dxc6 Nxc6 5. Nf3 a6 6. Ba4 b5 7. Bb3 e6 8. d4 Be7 9. Nc3 0-0 10. 0-0 Nb4 11. a3 Nbd5 12. Nxd5 Nxd5 13. Qd3 Bd7 14. Re1 Re8 15. Bxd5 exd5 16. Bf4 g6 17. Rad1 Bf5 18. Qb3 Rc8 19. Rc1 Qd7 20. Re5 Qd6 21. Rxf5 Qd7 22. Rxd5 Qc6 23. Re5 Bf6 24. Rxe8+ Rxe8 25. Qc3 Qe4 26. Re1 b4 27. Rxe4 Rxe4 28. Qxb4 Rxf4 29. Qb8+ Kg7 30. Qxf4 h6 31. Qd6 a5 32. b4 axb4 33. axb4 h5 34. b5 h4 35. b6 h3 36. gxh3 g5 37. Qxf6+ Kxf6 38. b7 g4 39. hxg4 Ke7 40. b8Q f5 41. c4 fxg4 42. c5 gxf3 43. Qd6+ Kf7 44. c6 Ke8 45. Qd7+ Kf8 46. c7 Kg8 47. c8R# 1-0